Less than 1,000 sq. km Quiz Stats

 Plays Quiz not verified by Sporcle

Support Sporcle.
Go Orange.
Score 0/67 Timer 07:00
0 Plays Today
Country % Correct
Vatican City
87.8%
Andorra
85.7%
Liechtenstein
81.6%
San Marino
81.6%
Monaco
81.6%
Malta
77.6%
Barbados
75.5%
Tuvalu
73.5%
Singapore
71.4%
Palau
71.4%
Maldives
71.4%
Kiribati
69.4%
Tonga
69.4%
Seychelles
69.4%
Marshall Islands
67.3%
Sao Tome and Principe
65.3%
Grenada
65.3%
Dominica
63.3%
Antigua and Barbuda
61.2%
Bahrain
55.1%
Saint Lucia
42.9%
Saint Vincent and the Grenadines
40.8%
Saint Kitts and Nevis
40.8%
Aruba
26.5%
Bermuda
18.4%
Macau
18.4%
Curacao
16.3%
Anguilla
16.3%
Cayman Islands
14.3%
Saint Martin
14.3%
Isle of Man
12.2%
Niue
12.2%
Cook Islands
12.2%
Montserrat
12.2%
Country % Correct
Guernsey
12.2%
Gibraltar
12.2%
American Samoa
10.2%
British Virgin Islands
10.2%
Christmas Islands
10.2%
Dhekelia
10.2%
Akrotiri
10.2%
Jersey
10.2%
Bouvet Island
10.2%
Pitcairn Islands
10.2%
Sint Maarten
10.2%
Naura
10.2%
Cocos Islands
10.2%
Clipperton Island
10.2%
Turks and Caicos Islands
8.2%
Micrnoesia, Federated States of
8.2%
Northern Mariana Islands
8.2%
Heard Island and McDonald Islands
8.2%
Jan Mayen
8.2%
Mayotte
8.2%
Gaza Strip
8.2%
Saint Helena, Ascension, and Tristan da Cunha
8.2%
Saint Pierre and Miguelon
8.2%
Wallis and Futana
8.2%
French Southern and Antartic Lands
8.2%
Norfolk Island
8.2%
US Pacific Island
8.2%
Tokelau
8.2%
Wake Island
8.2%
Navassa Island
8.2%
Ashmore and Cartier Islands
8.2%
Spratly Islands
8.2%
Coral Sea Islands
8.2%

You're not logged in!

Compare scores with friends on all Sporcle quizzes.
OR
Log In

From the Vault

Who Played Me in Film? II

by senordingdong

Do you need to brush up on your biopics?
Remove Ads.
Support Sporcle.
Get the best of Sporcle when you Go Orange. This ad-free experience offers more features, more stats, and more fun while also helping to support Sporcle. Thank you for becoming a member.

Show Comments

Extras

Created Mar 12, 2011SourceReportNominate
Tags:area

Top Quizzes Today


Score Distribution

Your Account Isn't Verified!

In order to create a playlist on Sporcle, you need to verify the email address you used during registration. Go to your Sporcle Settings to finish the process.

Report this User

Report this user for behavior that violates our Community Guidelines.

Details: